[Event "Montreal CAN, Pere Noel Open 2022"]
[Site "Montreal CAN"]
[Date "2022.12.27"]
[Round "2.7"]
[White "Kot, Emanuel"]
[Black "Clyde, Jordan"]
[Result "1/2-1/2"]
[WhiteElo "1955"]
[BlackElo "2114"]
[PlyCount "142"]
[EventDate "2022.12.27"]
[EventType "swiss"]
[EventRounds "7"]
[EventCountry "CAN"]
[Source "ChessMix "]
[SourceDate "2023.01.10"]

1. e4 Nf6 2. e5 Nd5 3. d4 d6 4. c4 Nb6 5. exd6 exd6 6. Nc3 Nc6 7. Be3 Be7 8.
Bd3 Bg5 9. Qd2 Qe7 10. Nge2 Bxe3 11. Qxe3 Nb4 12. Qd2 O-O 13. O-O c6 14. Rae1
d5 15. c5 Nxd3 16. Qxd3 Nd7 17. Ng3 Qf6 18. b4 b6 19. b5 g6 20. cxb6 Nxb6 21.
bxc6 Qxc6 22. Rc1 Nc4 23. Rfe1 Ba6 24. Qf3 Nb6 25. Qg4 Qd7 26. h4 Rad8 27. h5
Qd6 28. Qh4 Rde8 29. Qg5 Qd8 30. Qf4 Re7 31. Kh2 Rfe8 32. Re3 Rxe3 33. fxe3 Qe7
34. e4 dxe4 35. Ngxe4 f5 36. Nc5 Bc4 37. Kg1 Qe3+ 38. Qxe3 Rxe3 39. Kf2 Re8 40.
hxg6 hxg6 41. a3 Rd8 42. Rd1 Kf7 43. Nb7 Rb8 44. Nc5 Nc8 45. Rb1 Rxb1 46. Nxb1
Ke7 47. Nc3 Kd6 48. Ke3 Ne7 49. Nb7+ Kc7 50. Nc5 Kc6 51. g3 g5 52. N5a4 Nc8 53.
Kf3 Bd5+ 54. Ke3 Nd6 55. Nb2 Bc4 56. Nca4 a5 57. Nc3 Bd5 58. Kf2 Be4 59. Ke3
Bd5 60. Kf2 Be4 61. Ke3 Bd5 62. Kf2 Ne4+ 63. Nxe4 Bxe4 64. Nc4 Bd5 65. Nb2 Bb3
66. Ke2 Kd5 67. Ke3 f4+ 68. gxf4 gxf4+ 69. Kd3 f3 70. Ke3 f2 71. Kxf2 Kxd4
1/2-1/2

[Event "Montreal CAN, Pere Noel Open 2022"]
[Site "Montreal CAN"]
[Date "2022.12.27"]
[Round "2.8"]
[White "Adam, Rafael"]
[Black "Di Matteo, Alessio"]
[Result "1-0"]
[WhiteElo "2020"]
[BlackElo "1598"]
[PlyCount "137"]
[EventDate "2022.12.27"]
[EventType "swiss"]
[EventRounds "7"]
[EventCountry "CAN"]
[Source "ChessMix "]
[SourceDate "2023.01.10"]

1. d4 Nf6 2. c4 e6 3. g3 Bb4+ 4. Nc3 O-O 5. Bg2 d6 6. Nf3 Nbd7 7. O-O Bxc3 8.
bxc3 Re8 9. Qc2 e5 10. Rb1 Rb8 11. Rd1 b6 12. c5 e4 13. Ng5 Bb7 14. cxd6 cxd6
15. Qa4 h6 16. Nh3 Nd5 17. Bd2 e3 18. Bxd5 exf2+ 19. Nxf2 Bxd5 20. Re1 Qc7 21.
e4 Ba8 22. Qc2 Nf6 23. Qd3 Rbc8 24. d5 Bb7 25. Re3 Qc5 26. Kg2 Nd7 27. Qb5 Qc7
28. Nd3 Nf6 29. Nf2 Qe7 30. Rbe1 Rc5 31. Qa4 Ra5 32. Qc2 Nd7 33. c4 Rc5 34. Nd3
Rcc8 35. Qa4 Ra8 36. Bc3 f6 37. Bd4 Rec8 38. Nf4 Nf8 39. Qb4 Rc7 40. Rc1 Rac8
41. Qa4 g5 42. Nh5 Nd7 43. Rf1 Rxc4 44. Qxa7 Rxd4 45. Qxb7 Rc2+ 46. Rf2 Rxf2+
47. Kxf2 Kf7 48. a3 Rd2+ 49. Kg1 Kg6 50. g4 Qe5 51. Ng3 Qd4 52. Nf1 Rd1 53. Kg2
Ne5 54. Qc8 Rd2+ 55. Nxd2 Qxd2+ 56. Kf1 Qd1+ 57. Re1 Qf3+ 58. Kg1 Kg7 59. Qf5
Qh3 60. Rf1 Qxg4+ 61. Qxg4 Nxg4 62. Rb1 Ne5 63. Rxb6 Nc4 64. Rb7+ Kg6 65. a4 f5
66. exf5+ Kxf5 67. Rb5 Ke5 68. a5 Na3 69. Rb3 1-0

[Event "Montreal CAN, Pere Noel Open 2022"]
[Site "Montreal CAN"]
[Date "2022.12.27"]
[Round "2.10"]
[White "Roussel-Roozmon, Thomas"]
[Black "Sekki, Abderaouf"]
[Result "1-0"]
[WhiteElo "2461"]
[BlackElo "1783"]
[PlyCount "57"]
[EventDate "2022.12.27"]
[EventType "swiss"]
[EventRounds "7"]
[EventCountry "CAN"]
[Source "ChessMix "]
[SourceDate "2023.01.10"]

1. d4 f5 2. g3 Nf6 3. Bg2 e6 4. Nf3 Be7 5. O-O O-O 6. c4 Ne4 7. Nbd2 d5 8. b3
c5 9. e3 Nc6 10. Bb2 Bf6 11. cxd5 exd5 12. Ne5 Qe8 13. Ndf3 cxd4 14. Nxc6 Nxf2
15. Rxf2 dxe3 16. Re2 Bxb2 17. Rxb2 bxc6 18. Qd4 Rf6 19. Re1 Re6 20. Ng5 Re5
21. Rbe2 h6 22. Rxe3 Rxe3 23. Rxe3 Qg6 24. Bxd5+ Kh8 25. Nf7+ Kh7 26. Ne5 Qg5
27. Bxc6 Rb8 28. Nf3 Qg6 29. Be8 1-0

[Event "Montreal CAN, Pere Noel Open 2022"]
[Site "Montreal CAN"]
[Date "2022.12.27"]
[Round "2.11"]
[White "Zheng, Richard"]
[Black "Wang, Derek"]
[Result "1-0"]
[WhiteElo "2121"]
[BlackElo "1678"]
[PlyCount "117"]
[EventDate "2022.12.27"]
[EventType "swiss"]
[EventRounds "7"]
[EventCountry "CAN"]
[Source "ChessMix "]
[SourceDate "2023.01.10"]

1. d4 d5 2. Bg5 c6 3. e3 Nd7 4. Nf3 Ngf6 5. c4 e6 6. cxd5 exd5 7. Nc3 Be7 8.
Bd3 O-O 9. Qc2 Re8 10. O-O Nf8 11. Rab1 h6 12. Bf4 Ne6 13. Bg3 c5 14. Bb5 Bd7
15. Bxd7 Qxd7 16. Ne5 Qd8 17. dxc5 Bxc5 18. Rfd1 Bb6 19. Nf3 Rc8 20. Qf5 Rc5
21. Be5 d4 22. Nxd4 Nd7 23. Nf3 f6 24. Ne4 Rxe5 25. Nxe5 fxe5 26. Qg4 Nef8 27.
Rd6 Qc8 28. Rxh6 Qc2 29. Rf1 Rc8 30. Nd6 Rc6 31. Nf5 Qxf5 32. Qxf5 Rxh6 33. Rd1
Rf6 34. Qe4 Rc6 35. g3 Kf7 36. b4 Ke7 37. Qd5 Bc7 38. Qg8 Rg6 39. Kg2 a6 40.
Rc1 Bd6 41. Qc4 Bb8 42. a3 Rb6 43. Qh4+ Kf7 44. Qd8 Bd6 45. f4 exf4 46. gxf4
Rb5 47. Rd1 Ke6 48. Rd4 Rb6 49. Kf3 g6 50. Qe8+ Kf6 51. e4 Bxf4 52. Qd8+ Ke6
53. Kxf4 g5+ 54. Kg3 Ke5 55. Rxd7 Nxd7 56. Qxd7 Kxe4 57. Qg4+ Kd3 58. Qxg5 Rb5
59. Qc1 1-0

[Event "Montreal CAN, Pere Noel Open 2022"]
[Site "Montreal CAN"]
[Date "2022.12.27"]
[Round "2.12"]
[White "Latorre, Vincent"]
[Black "Rauch, Frank"]
[Result "1-0"]
[WhiteElo "1918"]
[BlackElo "1698"]
[PlyCount "83"]
[EventDate "2022.12.27"]
[EventType "swiss"]
[EventRounds "7"]
[EventCountry "CAN"]
[Source "ChessMix "]
[SourceDate "2023.01.10"]

1. e4 c5 2. Nf3 d6 3. d4 cxd4 4. Nxd4 Nf6 5. Nc3 a6 6. f3 e5 7. Nb3 Be7 8. Be3
Be6 9. Qd2 Qc7 10. O-O-O O-O 11. g4 Nc6 12. h4 b5 13. h5 b4 14. Nd5 Bxd5 15.
exd5 Na5 16. Nxa5 Qxa5 17. Kb1 Nd7 18. g5 f5 19. g6 f4 20. gxh7+ Kh8 21. Bf2
Nc5 22. a3 Rab8 23. Be1 Qb6 24. axb4 e4 25. c3 e3 26. bxc5 exd2 27. cxb6 dxe1=Q
28. Rxe1 Bf6 29. Bd3 Rxb6 30. Kc1 Rfb8 31. Re2 a5 32. h6 R6b7 33. Rhe1 Rf8 34.
Re8 Rb8 35. Rxb8 Rxb8 36. hxg7+ Kxg7 37. Kc2 Rf8 38. Ra1 Bd8 39. Rg1+ Kh8 40.
Rg6 Bc7 41. Re6 Rd8 42. Rf6 1-0

[Event "Montreal CAN, Pere Noel Open 2022"]
[Site "Montreal CAN"]
[Date "2022.12.27"]
[Round "2.14"]
[White "Steinberg, Ellis"]
[Black "Bassel, Charaf"]
[Result "0-1"]
[WhiteElo "1768"]
[BlackElo "2006"]
[PlyCount "144"]
[EventDate "2022.12.27"]
[EventType "swiss"]
[EventRounds "7"]
[EventCountry "CAN"]
[Source "ChessMix "]
[SourceDate "2023.01.10"]

1. e4 Nc6 2. Nf3 e5 3. Bb5 a6 4. Ba4 Nf6 5. O-O Be7 6. Re1 b5 7. Bb3 d6 8. c3
O-O 9. h3 Nb8 10. d4 Nbd7 11. Nbd2 Bb7 12. Bc2 Re8 13. b3 Bf8 14. d5 c6 15. c4
a5 16. Nf1 Nc5 17. Ng3 g6 18. Qe2 b4 19. Be3 Nfd7 20. Qd2 cxd5 21. cxd5 Qb6 22.
Bh6 Ba6 23. Bxf8 Nxf8 24. Qh6 Qd8 25. Re3 f6 26. Nh2 Bc8 27. Nf5 Ra7 28. Rg3
Bxf5 29. exf5 e4 30. Re1 Re5 31. fxg6 hxg6 32. Qd2 f5 33. Qd4 Rae7 34. f4 exf3
35. Rxe5 Rxe5 36. Nxf3 Ne4 37. Bxe4 Rxe4 38. Qd2 Qf6 39. Kh2 Kg7 40. Qc2 Re7
41. Qd3 Rc7 42. Nd4 Rc3 43. Qd2 Rxg3 44. Kxg3 Qe5+ 45. Qf4 Qxd5 46. Nf3 Ne6 47.
Qh4 f4+ 48. Kh2 g5 49. Qh5 Qf5 50. Qe8 Kf6 51. Qh8+ Ke7 52. Nd4 Nxd4 53. Qxd4
Qe5 54. Qd2 d5 55. Qf2 d4 56. h4 Qe3 57. Qc2 Qg3+ 58. Kg1 Qe1+ 59. Kh2 Qxh4+
60. Kg1 Qe1+ 61. Kh2 Qe5 62. Qh7+ Kd6 63. Qg6+ Kd5 64. Qf7+ Ke4 65. Qb7+ Ke3
66. Qf3+ Kd2 67. Qf2+ Kc3 68. Qf3+ d3 69. Qd1 Qe2 70. Qa1+ Kc2 71. Qd4 d2 72.
Qc5+ Kb2 0-1

[Event "Montreal CAN, Pere Noel Open 2022"]
[Site "Montreal CAN"]
[Date "2022.12.27"]
[Round "2.15"]
[White "Giroux, Robert"]
[Black "Tanaka, Taira Tyler"]
[Result "0-1"]
[WhiteElo "1859"]
[BlackElo "2250"]
[PlyCount "46"]
[EventDate "2022.12.27"]
[EventType "swiss"]
[EventRounds "7"]
[EventCountry "CAN"]
[Source "ChessMix "]
[SourceDate "2023.01.10"]

1. Nf3 d5 2. e3 Nf6 3. b3 Bg4 4. h3 Bh5 5. Bb2 Nbd7 6. g4 Bg6 7. d3 e6 8. Nbd2
c6 9. Rg1 Qc7 10. Qe2 O-O-O 11. O-O-O e5 12. Nh4 Bd6 13. Nf5 Bxf5 14. gxf5 g6
15. Qf3 Qa5 16. Kb1 Bb4 17. Qe2 gxf5 18. Rg7 Ne8 19. Rxf7 Nd6 20. Rg7 Bc3 21.
d4 Nb5 22. Nf3 Bxb2 23. Kxb2 Qa3+ 0-1

[Event "Montreal CAN, Pere Noel Open 2022"]
[Site "Montreal CAN"]
[Date "2022.12.27"]
[Round "2.16"]
[White "Hrivnak, Vladimir"]
[Black "Jiang Barron, Jiyu"]
[Result "0-1"]
[WhiteElo "2235"]
[BlackElo "1701"]
[PlyCount "66"]
[EventDate "2022.12.27"]
[EventType "swiss"]
[EventRounds "7"]
[EventCountry "CAN"]
[Source "ChessMix "]
[SourceDate "2023.01.10"]

1. e4 c5 2. c4 Nc6 3. Nc3 d6 4. g3 g6 5. Bg2 Bg7 6. d3 e6 7. Nge2 Nge7 8. O-O
O-O 9. h3 a6 10. a4 Qc7 11. f4 f5 12. Kh2 Bd7 13. Be3 Nd4 14. Rb1 Nec6 15. Rf2
Rab8 16. Nc1 b5 17. axb5 axb5 18. Nxb5 Nxb5 19. cxb5 Rxb5 20. b3 Rfb8 21. Rc2
Na5 22. d4 c4 23. Bf1 d5 24. e5 Nxb3 25. Nxb3 Rxb3 26. Rxb3 Rxb3 27. Bf2 Qa5
28. Be1 Qa4 29. Qd2 Bf8 30. Qa5 Qxa5 31. Bxa5 Rb1 32. Bg2 Ba4 33. Rf2 Bb3 0-1

[Event "Montreal CAN, Pere Noel Open 2022"]
[Site "Montreal CAN"]
[Date "2022.12.27"]
[Round "2.17"]
[White "Yan, Alex Jikai"]
[Black "Navarro, Pavel E"]
[Result "1/2-1/2"]
[WhiteElo "1685"]
[BlackElo "2152"]
[PlyCount "61"]
[EventDate "2022.12.27"]
[EventType "swiss"]
[EventRounds "7"]
[EventCountry "CAN"]
[Source "ChessMix "]
[SourceDate "2023.01.10"]

1. e4 c5 2. Nf3 d6 3. Bb5+ Bd7 4. Bxd7+ Qxd7 5. O-O Nc6 6. c4 Nf6 7. Nc3 g6 8.
d3 Bg7 9. h3 O-O 10. Be3 Rfc8 11. Qd2 a6 12. Nd5 Qd8 13. Rac1 b5 14. b4 Nxb4
15. Nxb4 cxb4 16. Qxb4 bxc4 17. Rxc4 d5 18. Rxc8 Rxc8 19. Bc5 dxe4 20. dxe4
Nxe4 21. Bxe7 Qd5 22. Qa4 Qe6 23. Bb4 Qc4 24. Qa5 Nc3 25. Bxc3 Bxc3 26. Qa3 Bf6
27. Qb3 Qxb3 28. axb3 Rb8 29. Rd1 Rxb3 30. Rd6 Kg7 31. Rxa6 1/2-1/2

[Event "Montreal CAN, Pere Noel Open 2022"]
[Site "Montreal CAN"]
[Date "2022.12.27"]
[Round "2.18"]
[White "Bain-Thouverez, Aurelien"]
[Black "Lopez Linares, Lizandro Fernando"]
[Result "1/2-1/2"]
[WhiteElo "1719"]
[BlackElo "2038"]
[PlyCount "90"]
[EventDate "2022.12.27"]
[EventType "swiss"]
[EventRounds "7"]
[EventCountry "CAN"]
[Source "ChessMix "]
[SourceDate "2023.01.10"]

1. Nf3 c5 2. g3 Nc6 3. d4 e6 4. Bg2 Nf6 5. O-O d5 6. e3 Be7 7. c4 O-O 8. b3 b6
9. Bb2 Bb7 10. Qe2 Ba6 11. Rd1 Qc7 12. Nc3 Rac8 13. Rac1 Rfd8 14. Ne5 Nxe5 15.
dxe5 Nd7 16. f4 Bf8 17. Nb5 Bxb5 18. cxb5 g6 19. e4 dxe4 20. Qxe4 Nb8 21. Qb7
Qe7 22. Rd6 Rc7 23. Qa8 Rdc8 24. Qe4 Qe8 25. a4 Nd7 26. Rcd1 c4 27. Rxd7 Rxd7
28. Rxd7 Qxd7 29. bxc4 Qd1+ 30. Bf1 Bc5+ 31. Kg2 Rd8 32. Bc3 Qc1 33. Qf3 Qc2+
34. Kh3 Qxa4 35. f5 Qc2 36. fxe6 Qf5+ 37. Qxf5 gxf5 38. exf7+ Kxf7 39. Bg2 Rd3
40. Bd5+ Ke7 41. Bb2 Be3 42. e6 f4 43. Kg4 fxg3 44. hxg3 Bf2 45. Be5 Bd4
1/2-1/2

[Event "Montreal CAN, Pere Noel Open 2022"]
[Site "Montreal CAN"]
[Date "2022.12.27"]
[Round "2.21"]
[White "Nica, Ion"]
[Black "Chapdelaine, Gwyn"]
[Result "1/2-1/2"]
[WhiteElo "1671"]
[BlackElo "1833"]
[PlyCount "47"]
[EventDate "2022.12.27"]
[EventType "swiss"]
[EventRounds "7"]
[EventCountry "CAN"]
[Source "ChessMix "]
[SourceDate "2023.01.10"]

1. d4 Nf6 2. Nc3 d5 3. Bf4 Bf5 4. f3 h5 5. e3 e6 6. Bd3 Bxd3 7. cxd3 Nc6 8. a3
Bd6 9. Bg5 Qd7 10. Nge2 Nh7 11. Bf4 g5 12. Bxd6 Qxd6 13. Nb5 Qe7 14. Qa4 a6 15.
b4 O-O 16. Nbc3 f5 17. h4 g4 18. Nf4 Qf7 19. Qc2 Rae8 20. Qf2 e5 21. dxe5 Rxe5
22. O-O Nf6 23. Rac1 Rfe8 24. Nd1 1/2-1/2

[Event "Montreal CAN, Pere Noel Open 2022"]
[Site "Montreal CAN"]
[Date "2022.12.27"]
[Round "2.22"]
[White "Berube, Maximilien"]
[Black "Guipi Bopala, Prince Eric Jr"]
[Result "0-1"]
[WhiteElo "1592"]
[BlackElo "1813"]
[PlyCount "196"]
[EventDate "2022.12.27"]
[EventType "swiss"]
[EventRounds "7"]
[EventCountry "CAN"]
[Source "ChessMix "]
[SourceDate "2023.01.10"]

1. Nf3 d5 2. g3 Nf6 3. Bg2 e6 4. O-O Be7 5. d4 O-O 6. c4 c6 7. Qc2 b6 8. Nbd2
Na6 9. e4 Nb4 10. Qb1 dxc4 11. Nxc4 Ba6 12. b3 c5 13. Rd1 Bb7 14. Ng5 g6 15. e5
Bxg2 16. Kxg2 Nfd5 17. Ne4 f5 18. exf6 Bxf6 19. Bb2 Bxd4 20. Bxd4 cxd4 21. Qb2
Nc6 22. Qe2 Nf6 23. Kg1 e5 24. Rac1 Nxe4 25. Qxe4 Qf6 26. Rf1 Rac8 27. f4 exf4
28. Rxf4 Qg5 29. Rcf1 Rfe8 30. Qf3 Qc5 31. Qd3 Rf8 32. Rf6 Rxf6 33. Rxf6 Ne5
34. Nxe5 Qxe5 35. Rf2 Qd5 36. Rc2 Rxc2 37. Qxc2 Kg7 38. Qc7+ Kh6 39. Qf4+ Kg7
40. Qc7+ Kf8 41. Qf4+ Ke7 42. Qc7+ Qd7 43. Qe5+ Kf7 44. Qf4+ Kg7 45. Qe5+ Kh6
46. Qf4+ g5 47. Qf6+ Kh5 48. Qf3+ Kg6 49. Qe4+ Kf6 50. h4 gxh4 51. Qxh4+ Ke5
52. Qg5+ Ke4 53. Qf4+ Kd3 54. Qf1+ Kc2 55. Qe2+ Kb1 56. Qd3+ Kxa2 57. b4 Kb2
58. b5 Kc1 59. Qa3+ Kd2 60. Qb2+ Kd3 61. Qb3+ Ke4 62. Qc4 Ke3 63. Qc1+ Kd3 64.
Kh2 Ke2 65. Qc2+ Ke3 66. Qc1+ Kf2 67. Qd2+ Kf3 68. Qd3+ Kg4 69. Qe4+ Kg5 70.
Qe5+ Kg6 71. Qe4+ Kg7 72. Qe5+ Kf7 73. Qh5+ Ke6 74. Qg4+ Ke7 75. Qe4+ Kf8 76.
Qf4+ Kg7 77. Qg5+ Kf7 78. Qh5+ Kf6 79. Qh4+ Ke5 80. Qg5+ Ke4 81. Qf4+ Kd5 82.
Qf3+ Kc5 83. Qd3 h6 84. Qa3+ Kxb5 85. Qb3+ Ka5 86. Qa2+ Kb5 87. Qb3+ Ka6 88.
Qd3+ Kb7 89. Qe4+ Kc7 90. Qf4+ Qd6 91. Qf7+ Kb8 92. Qe8+ Kb7 93. Qe4+ Ka6 94.
Qd3+ b5 95. Kg1 Kb6 96. g4 a5 97. Kf1 Qf4+ 98. Ke2 Qe3+ 0-1

[Event "Montreal CAN, Pere Noel Open 2022"]
[Site "Montreal CAN"]
[Date "2022.12.28"]
[Round "3.1"]
[White "Chiku-Ratte, Olivier-Kenta"]
[Black "Sambuev, Bator"]
[Result "0-1"]
[WhiteElo "2338"]
[BlackElo "2410"]
[PlyCount "78"]
[EventDate "2022.12.27"]
[EventType "swiss"]
[EventRounds "7"]
[EventCountry "CAN"]
[Source "ChessMix "]
[SourceDate "2023.01.10"]

1. d4 Nf6 2. c4 e6 3. Nf3 d5 4. g3 c6 5. Bg2 dxc4 6. Ne5 Bb4+ 7. Bd2 Be7 8. Bc3
b5 9. a4 b4 10. Bd2 O-O 11. e3 a5 12. Nxc4 Ba6 13. b3 Nbd7 14. Bxc6 Rc8 15. Bg2
e5 16. O-O exd4 17. exd4 Bxc4 18. bxc4 Rxc4 19. Qe2 Nb6 20. Be3 Nfd5 21. Bxd5
Qxd5 22. Nd2 Rc3 23. Qa6 Bd8 24. Rfe1 h5 25. h4 Bc7 26. Qb5 Qxb5 27. axb5 Ra8
28. Ne4 Rc4 29. Nc5 a4 30. Na6 b3 31. Reb1 Bd6 32. Nc5 Rb4 33. Ne4 Be7 34. Nc3
Rc8 35. d5 Rxc3 36. Bxb6 Rxb5 37. Be3 a3 38. Bd4 Rd3 39. Re1 Rxd4 0-1

[Event "Montreal CAN, Pere Noel Open 2022"]
[Site "Montreal CAN"]
[Date "2022.12.28"]
[Round "3.2"]
[White "Rodrigue-Lemieux, Shawn"]
[Black "Migot, Tangi"]
[Result "1-0"]
[WhiteElo "2463"]
[BlackElo "2364"]
[PlyCount "107"]
[EventDate "2022.12.27"]
[EventType "swiss"]
[EventRounds "7"]
[EventCountry "CAN"]
[Source "ChessMix "]
[SourceDate "2023.01.10"]

1. e4 e5 2. Nf3 Nc6 3. Bc4 d6 4. d4 Nf6 5. Ng5 d5 6. exd5 Nxd4 7. c3 Nf5 8. d6
Nxd6 9. Nxf7 Qd7 10. Nxd6+ Bxd6 11. Qe2 Qe7 12. Bg5 Bg4 13. Bb5+ Bd7 14. Bxf6
gxf6 15. Qh5+ Kd8 16. Bxd7 Kxd7 17. Nd2 Rag8 18. Ne4 Kc8 19. Qf5+ Kb8 20. g3
Qf7 21. Qxf6 Qd5 22. Qf3 Rf8 23. Qe2 h5 24. h4 Rhg8 25. Rd1 Qxa2 26. Nxd6 cxd6
27. Rxd6 Qb1+ 28. Rd1 Qf5 29. O-O e4 30. Rd4 Re8 31. Qe3 Qg4 32. Re1 Qxh4 33.
Rxe4 Rxe4 34. Qxe4 Qf6 35. Qd5 Rh8 36. Re6 Qd8 37. Qxd8+ Rxd8 38. Re2 Kc7 39.
Kg2 Kc6 40. f4 Kc5 41. Kh3 b5 42. Kh4 Rd3 43. f5 Rf3 44. g4 hxg4 45. Kxg4 Rf1
46. Kg5 a5 47. f6 a4 48. Kg6 Rg1+ 49. Kf7 a3 50. bxa3 Ra1 51. Kg8 Kc4 52. f7
Rg1+ 53. Kf8 Kxc3 54. Re8 1-0

[Event "Montreal CAN, Pere Noel Open 2022"]
[Site "Montreal CAN"]
[Date "2022.12.28"]
[Round "3.3"]
[White "Zhong, Kevin"]
[Black "Adam, Rafael"]
[Result "1-0"]
[WhiteElo "2120"]
[BlackElo "2020"]
[PlyCount "99"]
[EventDate "2022.12.27"]
[EventType "swiss"]
[EventRounds "7"]
[EventCountry "CAN"]
[Source "ChessMix "]
[SourceDate "2023.01.10"]

1. e4 e5 2. Nf3 Nc6 3. Bb5 a6 4. Ba4 Nf6 5. O-O Nxe4 6. d4 b5 7. Bb3 d5 8. dxe5
Be6 9. c3 Bc5 10. Qd3 O-O 11. Nbd2 Nxd2 12. Bxd2 Ne7 13. Nd4 Bb6 14. Bc2 g6 15.
Bg5 Qd7 16. Bf6 h6 17. Qd2 Kh7 18. Nf3 Ng8 19. Qf4 Bg4 20. Nh4 Nxf6 21. exf6 c6
22. h3 Be6 23. Qg3 Qc7 24. Bxg6+ fxg6 25. Qxg6+ Kh8 26. Qxh6+ Qh7 27. Ng6+ Kg8
28. Ne7+ Kh8 29. Ng6+ Kg8 30. Qg5 Rfe8 31. Rae1 Bf7 32. Ne7+ Kh8 33. Kh1 Bc5
34. f4 Bxe7 35. fxe7 Qg7 36. Qh4+ Qh7 37. Qf6+ Qg7 38. Qxc6 Rg8 39. Rf2 Kh7 40.
f5 Qg3 41. Qb6 d4 42. Qxd4 Bd5 43. Qxd5 Qxf2 44. Qf7+ Kh6 45. Re6+ Kg5 46. Rg6+
Rxg6 47. Qxg6+ Kf4 48. e8=Q Rxe8 49. Qxe8 Kg3 50. Qe5+ 1-0

[Event "Montreal CAN, Pere Noel Open 2022"]
[Site "Montreal CAN"]
[Date "2022.12.28"]
[Round "3.4"]
[White "Voskanyan, Vahagn"]
[Black "Roussel-Roozmon, Thomas"]
[Result "0-1"]
[WhiteElo "2181"]
[BlackElo "2461"]
[PlyCount "48"]
[EventDate "2022.12.27"]
[EventType "swiss"]
[EventRounds "7"]
[EventCountry "CAN"]
[Source "ChessMix "]
[SourceDate "2023.01.10"]

1. c4 e5 2. Nc3 Bb4 3. g3 Bxc3 4. dxc3 d6 5. Bg2 f5 6. Be3 Qe7 7. Qd2 Nf6 8.
Bg5 Nbd7 9. O-O-O a5 10. Qc2 Nc5 11. Be3 O-O 12. Bxc5 dxc5 13. a4 c6 14. Bh3
Ne4 15. e3 Be6 16. Bf1 Rad8 17. Nf3 Rxd1+ 18. Kxd1 Rd8+ 19. Ke1 Bf7 20. h3 Bg6
21. Rg1 f4 22. Nh4 fxg3 23. Nxg6 gxf2+ 24. Qxf2 hxg6 0-1

[Event "Montreal CAN, Pere Noel Open 2022"]
[Site "Montreal CAN"]
[Date "2022.12.28"]
[Round "3.5"]
[White "Lawson, Eric"]
[Black "Latorre, Vincent"]
[Result "1/2-1/2"]
[WhiteElo "2331"]
[BlackElo "1918"]
[PlyCount "67"]
[EventDate "2022.12.27"]
[EventType "swiss"]
[EventRounds "7"]
[EventCountry "CAN"]
[Source "ChessMix "]
[SourceDate "2023.01.10"]

1. e4 e5 2. Nf3 Nc6 3. Bb5 a6 4. Bxc6 dxc6 5. d3 f6 6. Be3 c5 7. Nbd2 Be6 8. a3
Bd6 9. Qb1 a5 10. a4 Ne7 11. b3 O-O 12. Nc4 Nc6 13. O-O Qe7 14. Nfd2 g6 15.
Nxd6 cxd6 16. f4 d5 17. fxe5 Nxe5 18. Qe1 Rae8 19. Bf4 b6 20. Bxe5 fxe5 21. Qg3
dxe4 22. Nxe4 Bf5 23. Rfe1 Qd7 24. Nf2 Qd4 25. Qe3 Bd7 26. Ne4 Bc6 27. Qxd4
exd4 28. Nd6 Rxe1+ 29. Rxe1 Rf6 30. Nc8 Bd7 31. Ne7+ Kf7 32. Nd5 Rd6 33. Nc7
Bc6 34. Nb5 1/2-1/2

[Event "Montreal CAN, Pere Noel Open 2022"]
[Site "Montreal CAN"]
[Date "2022.12.28"]
[Round "3.6"]
[White "Bassel, Charaf"]
[Black "Ouellet, Maili Jade"]
[Result "0-1"]
[WhiteElo "2006"]
[BlackElo "2220"]
[PlyCount "56"]
[EventDate "2022.12.27"]
[EventType "swiss"]
[EventRounds "7"]
[EventCountry "CAN"]
[Source "ChessMix "]
[SourceDate "2023.01.10"]

1. b3 d5 2. Bb2 c5 3. e3 a6 4. g3 Nc6 5. Bg2 e5 6. Ne2 h5 7. O-O Nf6 8. c4 d4
9. exd4 exd4 10. Re1 Be7 11. d3 h4 12. Nd2 hxg3 13. hxg3 Bg4 14. f3 Bf5 15. Ne4
Bxe4 16. dxe4 g5 17. e5 Nh5 18. e6 fxe6 19. Qd3 Rh6 20. Kf2 Qd6 21. Rh1 O-O-O
22. g4 Nf4 23. Nxf4 Rxh1 24. Rxh1 Qxf4 25. Bc1 Ne5 26. Qh7 Nxg4+ 27. Ke2 d3+
28. Qxd3 Qg3 0-1

[Event "Montreal CAN, Pere Noel Open 2022"]
[Site "Montreal CAN"]
[Date "2022.12.28"]
[Round "3.7"]
[White "Zhang, Chu Hang"]
[Black "Zheng, Richard"]
[Result "1/2-1/2"]
[WhiteElo "1953"]
[BlackElo "2121"]
[PlyCount "74"]
[EventDate "2022.12.27"]
[EventType "swiss"]
[EventRounds "7"]
[EventCountry "CAN"]
[Source "ChessMix "]
[SourceDate "2023.01.10"]

1. c4 c6 2. Nc3 d5 3. cxd5 cxd5 4. d4 Nf6 5. g3 Nc6 6. Nf3 Bf5 7. Bg2 e6 8. Bf4
a6 9. O-O Bd6 10. Ne5 Rc8 11. Rc1 O-O 12. Nxc6 Rxc6 13. Na4 Rxc1 14. Qxc1 Bxf4
15. Qxf4 Qa5 16. Nc3 b5 17. Nxd5 Nxd5 18. Bxd5 Bh3 19. Bg2 Bxg2 20. Kxg2 Qxa2
21. Qd2 Qd5+ 22. f3 e5 23. e3 exd4 24. exd4 h6 25. Qc3 Rd8 26. Rd1 Kh7 27. Rd2
Rd6 28. b4 Qc4 29. Qxc4 bxc4 30. d5 c3 31. Rc2 Rxd5 32. Rxc3 Rd2+ 33. Kh3 Rd4
34. Rc6 Rxb4 35. Rxa6 g6 36. g4 Kg7 37. Kg3 Rb3 1/2-1/2

[Event "Montreal CAN, Pere Noel Open 2022"]
[Site "Montreal CAN"]
[Date "2022.12.28"]
[Round "3.8"]
[White "Clyde, Jordan"]
[Black "Robichaud, Louis"]
[Result "1-0"]
[WhiteElo "2114"]
[BlackElo "2032"]
[PlyCount "69"]
[EventDate "2022.12.27"]
[EventType "swiss"]
[EventRounds "7"]
[EventCountry "CAN"]
[Source "ChessMix "]
[SourceDate "2023.01.10"]

1. f4 Nf6 2. d3 d5 3. e3 b6 4. Nf3 Bb7 5. Be2 e6 6. O-O Nbd7 7. Ne5 Bd6 8. d4
Qe7 9. c3 a6 10. Nd2 Ne4 11. Nxe4 dxe4 12. Nc4 O-O 13. b3 Rac8 14. a4 Rfd8 15.
Nxd6 cxd6 16. c4 Nf6 17. Ba3 Qc7 18. b4 a5 19. b5 Nd7 20. Rc1 f5 21. Qb3 Nf6
22. c5 Bd5 23. Qb2 dxc5 24. dxc5 Qb8 25. Rfd1 bxc5 26. Bxc5 Qb7 27. Bd4 Kf7 28.
Rxc8 Rxc8 29. Rc1 Ra8 30. Be5 Ne8 31. Rc5 Qe7 32. Qc3 Bb3 33. Bxg7 Kg6 34. Bd4
Bd5 35. Rxd5 1-0

[Event "Montreal CAN, Pere Noel Open 2022"]
[Site "Montreal CAN"]
[Date "2022.12.28"]
[Round "3.9"]
[White "Saha, Ananda"]
[Black "Kot, Emanuel"]
[Result "1-0"]
[WhiteElo "2062"]
[BlackElo "1955"]
[PlyCount "81"]
[EventDate "2022.12.27"]
[EventType "swiss"]
[EventRounds "7"]
[EventCountry "CAN"]
[Source "ChessMix "]
[SourceDate "2023.01.10"]

1. e4 c5 2. Nf3 d6 3. d4 cxd4 4. Qxd4 Nf6 5. Be2 Nc6 6. Qe3 g6 7. O-O Bg7 8. h3
O-O 9. Rd1 Bd7 10. c4 b6 11. Nc3 Rc8 12. Rb1 Ne8 13. b3 f5 14. Bb2 f4 15. Qd2
Ne5 16. Nd5 Nxf3+ 17. Bxf3 Bxb2 18. Rxb2 e5 19. a4 h5 20. Nc3 Kg7 21. Ra2 a5
22. Nb5 Bxb5 23. cxb5 Rf7 24. Be2 Nf6 25. Bc4 Rd7 26. f3 Qe7 27. Bd5 Nxd5 28.
Qxd5 Rc5 29. Qa8 Rd8 30. Qa6 Qc7 31. Rad2 Qb8 32. b4 axb4 33. a5 Kf7 34. axb6
Ke7 35. b7 b3 36. Qb6 b2 37. Rxd6 Qxd6 38. Rxd6 b1=Q+ 39. Kh2 Rxd6 40. Qxc5 Qe1
41. Qxe5+ 1-0

[Event "Montreal CAN, Pere Noel Open 2022"]
[Site "Montreal CAN"]
[Date "2022.12.28"]
[Round "3.10"]
[White "Tanaka, Taira Tyler"]
[Black "Singher, Jean Pierre"]
[Result "1-0"]
[WhiteElo "2250"]
[BlackElo "1934"]
[PlyCount "51"]
[EventDate "2022.12.27"]
[EventType "swiss"]
[EventRounds "7"]
[EventCountry "CAN"]
[Source "ChessMix "]
[SourceDate "2023.01.10"]

1. c4 c5 2. Nc3 Nc6 3. Nf3 e5 4. e3 d6 5. Be2 f5 6. O-O Nf6 7. d4 Be7 8. d5 Nb8
9. a3 a5 10. Nb5 Nbd7 11. Ng5 Nb6 12. Bd2 a4 13. Bc3 O-O 14. f4 exf4 15. exf4
h6 16. Ne6 Bxe6 17. dxe6 Ne4 18. Bd3 Nxc3 19. Nxc3 d5 20. cxd5 Nxd5 21. Nxd5
Qxd5 22. Qe2 Rad8 23. Rad1 Qd4+ 24. Kh1 Rd6 25. Bc4 Qe4 26. Qxe4 1-0